Barron's Dictionary of legal terms: definitions and explanations for non-lawyers (Record no. 363)
[ view plain ]
| 000 -LEADER | |
|---|---|
| fixed length control field | 00467nam a2200169Ia 4500 |
| 008 - FIXED-LENGTH DATA ELEMENTS--GENERAL INFORMATION | |
| fixed length control field | 240428s9999||||xx |||||||||||||| ||und|| |
| 020 ## - INTERNATIONAL STANDARD BOOK NUMBER | |
| International Standard Book Number | 978143805126 |
| 041 ## - LANGUAGE CODE | |
| Language code of text/sound track or separate title | eng |
| 082 ## - DEWEY DECIMAL CLASSIFICATION NUMBER | |
| Classification number | 349.73G |
| 100 ## - MAIN ENTRY--PERSONAL NAME | |
| Personal name | Gifis, Stevens H. |
| 245 #0 - TITLE STATEMENT | |
| Title | Barron's Dictionary of legal terms: definitions and explanations for non-lawyers |
| 260 ## - PUBLICATION, DISTRIBUTION, ETC. | |
| Name of publisher, distributor, etc. | Barron |
| Place of publication, distribution, etc. | New York : |
| Date of publication, distribution, etc. | 2015 |
| 300 ## - PHYSICAL DESCRIPTION | |
| Extent | xii, 640p.; (R) |
| 650 ## - SUBJECT ADDED ENTRY--TOPICAL TERM | |
| Topical term or geographic name entry element | Law- United States -Dictionary |
| 942 ## - ADDED ENTRY ELEMENTS (KOHA) | |
| Koha item type | Books |
| Withdrawn status | Lost status | Damaged status | Not for loan | Home library | Current library | Shelving location | Date acquired | Total checkouts | Full call number | Date last seen | Copy number | Price effective from | Koha item type |
|---|---|---|---|---|---|---|---|---|---|---|---|---|---|
| Main Library | Main Library | Reference | 05/10/2021 | 1089 349.73G C1 | 29/04/2024 | 1 | 29/04/2024 | Books |